Geography Quiz

Random Geography or State Quiz

13 US States That Border Canada Quiz Stats

 Plays Quiz Updated Nov 8, 2017

Score 0/13 Timer 01:30
4 Plays Today
% Correct
Washington
97.8%
Maine
93.5%
Michigan
93.2%
New York
92.7%
North Dakota
92.5%
Montana
91.2%
Vermont
87.1%
Minnesota
85.9%
Idaho
82.9%
New Hampshire
80.3%
Ohio
67.8%
Alaska
62.8%
Pennsylvania
62.4%

You're not logged in!

Compare scores with friends on all Sporcle quizzes.
OR
Log In

Sporcle TV

Today on Sporcle TV


Watch our educational content, quiz creation guides, and fun videos on Sporcle TV.

Show Comments

Extras

Top Quizzes Today


Score Distribution

Your Account Isn't Verified!

In order to create a playlist on Sporcle, you need to verify the email address you used during registration. Go to your Sporcle Settings to finish the process.

Report this User

Report this user for behavior that violates our Community Guidelines.

Details: